Normal view
MARC view
- Gérando, Joseph-Marie,
Entry Nombre Personal
001 - NUMERO DE CONTROL
- campo de control: 52420
003 - IDENTIFICADOR DE NUMERO DE CONTROL
- campo de control: MX-MxUPN
005 - FECHA Y HORA DE LA ÜLTIMA TRANSACCIÓN
- campo de control: 20240617124114.0
008 - DATOS DE LONGITUD FIJA
- campo de control de longitud fija: 240617|| aca||aabn a aaa d
010 ## - NÚMERO DE CONTROL DE LA BIBLIOTECA DEL CONGRESO
- Número de control LC: n 87860951
035 #4 - NUMERO DE CONTROL
- Número de control: (OCoLC)oca02215558
040 ## - FUENTE DE CATALOGACIÓN
- Agencia original de catalogación: MdU
- Agencia de transcripción: DLC
- Agencia que lo modifica: OCoLC
- Agencia que lo modifica: DLC
- Agencia que lo modifica: CtY
- Agencia que lo modifica: MX-MxUPN
046 ## - FECHAS CON CODIFICACIÓN ESPECIAL
- Fecha de nacimiento: 17720229
- Fecha de muerte: 18421110
100 1# - ENCABEZAMIENTO - NOMBRE PERSONAL
- Nombre personal: Gérando, Joseph-Marie,
- Títulos u otras palabras asociadas al nombre: baron de,
- Fechas asociadas con el nombre: 1772-1842
370 ## - LUGAR ASOCIADO
- Fuente del término: $naf
- Place of birth: Lyon (Francia)
- Place of death: París (Francia)
374 ## - OCUPACIÓN
- Occupation: Filósofo
- Occupation: Antropólogo
- Occupation: Filantropo
- Occupation: Abogado
400 1# - VEÁSE - NOMBRE DE PERSONA
- Personal name: Gerando, Baron de,
- Dates associated with a name: 1772-1842
670 ## - FUENTE EN LA QUE SE LOCALIZARON DATOS
- Cita de la fuente: Autoridades LC, 17 junio 2024 :
- Información localizada: (Gérando, Joseph-Marie, baron de, 1772-1842)
- Uniform Resource Identifier: https://lccn.loc.gov/n87860951
902 ## - CATALOGADOR
- Catalogador: MaríaRobles/170624
